Statistiken für Erreichbare Städte von Köln Hauptbahnhof

Klicken Sie hier um das Quiz zu spielen!

Allgemein

  • Dieses Quiz wurde 339 mal gespielt
  • Das Durchschnittsergebnis liegt bei 40 aus 63

Antwortstatistiken

#LandStadt% Korrekt
3DEBerlin
96%
18DEDüsseldorf
95%
6DEHamburg
95%
10DEFrankfurt
92%
3DEMünchen
92%
11DEDortmund
90%
17DEBonn
88%
4DEStuttgart
86%
6DEAachen
83%
4DEHannover
83%
1NLAmsterdam
82%
5DEBremen
81%
1DEDresden
80%
11DEEssen
80%
1FRParis
80%
2ATWien
80%
2DELeipzig
79%
13DEDuisburg
76%
9DEMainz
76%
1DEKiel
75%
1LULuxemburg
74%
5DENürnberg
74%
4DEMannheim
72%
1CHZürich
72%
2DEBochum
70%
4BEBrüssel
70%
14DEKoblenz
69%
9DEMünster
68%
2DEGelsenkirchen
67%
7DEWuppertal
67%
2DEFreiburg
66%
4DEBielefeld
64%
4DELeverkusen
64%
2CHBasel
63%
2DEKarlsruhe
63%
3DEAugsburg
61%
2DEMönchengladbach
61%
1DEWiesbaden
60%
1DEWolfsburg
58%
6DEHamm
56%
1DEMagdeburg
56%
3DEOberhausen
56%
1DEBraunschweig
53%
4DEOsnabrück
53%
2DEUlm
51%
5DEHagen
50%
1DETrier
50%
2ATInnsbruck
48%
1DEKrefeld
47%
1DEWürzburg
47%
1DEBergisch Gladbach
45%
1DESiegen
45%
4DESolingen
45%
2ATLinz
42%
3DENeuss
42%
2DEHeidelberg
41%
1DEHalle
38%
4BELüttich
38%
3DERegensburg
38%
2DEMülheim
36%
2DERecklinghausen
33%
1NLArnheim
19%
1DEGütersloh
18%

Verteilung der Resultate

Perzentil nach korrekt beantworteten Fragen

Anzahl Personen mit jedem Resultat

Ihre Resultats-Entwicklung

Sie haben dieses Quiz noch nicht gespielt